| Tag |
First Indicator |
Second Indicator |
Subfields |
| LEADER |
00000cam a2200000 i 4500 |
| 001 |
in00000790521 |
| 005 |
20151017070132.0 |
| 008 |
760811s1976 utu b f00010 eng d |
| 010 |
|
|
|a gp 76004522
|
| 020 |
|
|
|c pbk.
|
| 035 |
|
|
|a (OCoLC)02363324
|
| 035 |
|
|
|9 ADN9905AM
|
| 040 |
|
|
|a GPO
|c GPO
|d MvI-ran
|d MvI-ran
|d UtOrBLW
|
| 074 |
|
|
|a 83-B
|
| 086 |
|
|
|a A 13.79:INT-202
|
| 100 |
1 |
|
|a Hoff, R. J.
|q (Raymond J.)
|
| 245 |
1 |
0 |
|a Mass selection for blister rust resistance :
|b a method for natural regeneration of western white pine /
|c R. J. Hoff, G. I. McDonald, and R. T. Bingham.
|
| 264 |
|
1 |
|a Ogden, Utah :
|b U.S. Dept. of Agriculture, Forest Service, Intermountain Forest and Range Experiment Station,
|c 1976.
|
| 300 |
|
|
|a 11 pages ;
|c 27 cm.
|
| 336 |
|
|
|a text
|b txt
|2 rdacontent
|
| 337 |
|
|
|a unmediated
|b n
|2 rdamedia
|
| 338 |
|
|
|a volume
|b nc
|2 rdacarrier
|
| 490 |
1 |
|
|a USDA Forest Service research note INT ;
|v 202
|
| 500 |
|
|
|a Caption title.
|
| 500 |
|
|
|a Tables.
|
| 504 |
|
|
|a Bibliography: pages 10-11.
|
| 650 |
|
0 |
|a Blister rust.
|
| 650 |
|
0 |
|a Forest regeneration
|z United States.
|
| 650 |
|
0 |
|a White pine.
|
| 700 |
1 |
|
|a McDonald, G. I.
|q (Geral I.),
|e author.
|
| 700 |
1 |
|
|a Bingham, R. T.,
|e author.
|
| 710 |
2 |
|
|a Intermountain Forest and Range Experiment Station (Ogden, Utah)
|
| 740 |
|
|
|a Method for natural regeneration of western white pine.
|
| 830 |
|
0 |
|a USDA Forest Service research note INT ;
|v 202.
|
| 999 |
|
|
|a MARS
|
| 999 |
f |
f |
|s 5e77ad56-13be-36d3-aea3-48bbc6ca5b76
|i c00433ec-8da4-33dc-835d-7a5580159425
|t 0
|
| 952 |
f |
f |
|p normal
|a Texas A&M University
|b College Station
|c Sterling C. Evans Library
|d Evans: US Documents (Annex 5th floor)
|t 0
|e A 13.79: INT-202
|h Superintendent of Documents classification
|i unmediated -- volume
|m A14812808982
|
| 998 |
f |
f |
|a A 13.79: INT-202
|t 0
|l Evans: US Documents (Annex 5th floor)
|